Groups of 7 - Statistics

General Stats
  • This quiz has been taken 71 times
    10 since last reset
  • The average score is 23 of 63
Answer Stats
Hint Answer % Correct
7 deadly sins Sloth
88%
7 dwarfs Doc
75%
7 deadly sins Greed
75%
7 dwarfs Happy
75%
7 dwarfs Sleepy
75%
7 dwarfs Bashful
63%
7 dwarfs Dopey
63%
7 deadly sins Gluttony
63%
7 deadly sins Lust
63%
7 deadly sins Pride
63%
G-7 countries USA
63%
Rainbow colors Blue
50%
7 deadly sins Envy
50%
G-7 countries France
50%
7 days off the week Friday
50%
Rainbow colors Green
50%
7 dwarfs Grumpy
50%
Rainbow colors Indigo
50%
G-7 countries Japan
50%
7 days off the week Monday
50%
Rainbow colors Orange
50%
Rainbow colors Red
50%
7 days off the week Saturday
50%
7 days off the week Sunday
50%
7 days off the week Thursday
50%
7 days off the week Tuesday
50%
G-7 countries UK
50%
Rainbow colors Violet
50%
7 days off the week Wednesday
50%
Rainbow colors Yellow
50%
G-7 countries Canada
38%
G-7 countries Germany
38%
G-7 countries Italy
38%
Harry Potter books Prisoner of Azkaban
38%
7 deadly sins Wrath
38%
Weasley siblings Bill
25%
Harry Potter books Chamber of secrets
25%
Weasley siblings Charlie
25%
Harry Potter books Deathly Hallows
25%
Weasley siblings Fred
25%
Weasley siblings George
25%
Weasley siblings Ginny
25%
Harry Potter books Goblet of Fire
25%
Harry Potter books Halfblood Prince
25%
7 wonders of the world Hanging Gardens of Babylon
25%
Harry Potter books Order of the Phoenix
25%
Weasley siblings Percy
25%
Harry Potter books Philosophers stone
25%
Weasley siblings Ron
25%
7 dwarfs Sneezey
25%
7 wonders of the world Mausoleum at Halicarnassus
13%
7 wonders of the world Statue of Zeus at Olympia
13%
Electromagnetic spectrum Ultraviolet
13%
7 wonders of the world Colossus at Rhodes
0%
Electromagnetic spectrum Gamma
0%
7 wonders of the world Great Pyramids of Giza
0%
Electromagnetic spectrum Infrared Radiation
0%
7 wonders of the world Lighthouse at Alexandria
0%
Electromagnetic spectrum Micro
0%
Electromagnetic spectrum Radio
0%
7 wonders of the world Temple of Artemis at Ephesus
0%
Electromagnetic spectrum Visible Light
0%
Electromagnetic spectrum Xrays
0%
No matching quizzes found
Score Distribution
Percent of People with Each Score
Percentile by Number Answered
Your Score History
You have not taken this quiz since the last reset